000 00301nam a22001337a 4500
008 170526b xxu||||| |||| 00| 0 eng d
020 _a9780849331060
041 _aeng
080 _a62
100 _a25
101 _aIM
245 _aTHE APPLEIED EXPERT SYSTEMS
_cLIEBOWITZ.J
942 _2udc
_cBK
999 _c14354
_d14354